000
00217nam a22000857a 4500
008
170112b xxu||||| |||| 00| 0 eng d
100
_9
2362
_a
Chauhan.S.R.S.
245
_a
English grammar-6
260
_a
New Delhi
_b
J.B.P.
_c
2010
999
_c
5333
_d
5333